000 00666nam a2200193Ia 4500
008 000000[2002] mX a 0000000000spa00
090 _aPSP00 E76m
100 1 _aEzpania, Miguel
_d1966
245 1 0 _aMiguel Ezpania
_b: donde se origina el arte
300 _a[16] p.
_c/ 29 cm.
500 _aCon el patronazgo del maestro venezolano Jesús Rafael Soto (q.e.p.d.)
600 0 0 _a EZPANIA, MIGUEL, 1966/
_xTRABAJOS PICTORICOS
650 1 4 _a PINTURA MODERNA ESPAÑOLA
650 1 4 _aARTE CONTEMPORANEO ESPAÑOL
650 1 4 _xCATALOGOS
650 1 4 _xEXPOSICIONES
650 1 4 _aPINTORES ESPAÑOLES
999 _c739
_d739
260 _aMéxico : El Aire Centro de Arte
_c2002